|
|
|
|
| LEADER |
01535nam a22003137a 4500 |
| 001 |
35792 |
| 003 |
BD-DhAAL |
| 005 |
20250526161222.0 |
| 008 |
211027t1997 bg a|||| |||| 00| 0 bg d |
| 020 |
|
|
|a 9840735128
|
| 040 |
|
|
|a BD-DhAAL
|
| 041 |
|
|
|a ben
|
| 082 |
|
|
|a 891.4414
|2 23
|
| 245 |
|
|
|a রবীন্দ্রনাথকে লেখা জগদীশ্চন্দ্র বসুর পত্রাবলী /
|c এ. এম. হারুন-অর-রশীদ সম্পাদিত.
|
| 246 |
|
|
|a Rabindranathke lekha Jagadish Chandra Bosur Patrabali
|
| 246 |
|
|
|a Letters from Jagadish Chandra Bose to Rabindranath
|
| 250 |
|
|
|a প্রথম প্রকাশ.
|
| 260 |
|
|
|a ঢাকা :
|b বাংলা একাডেমী,
|c ১৯৯৭.
|
| 300 |
|
|
|a ১৩২ পৃষ্ঠা :
|b চিত্র ;
|c ২২ সে.মি.
|
| 526 |
|
|
|a BIED
|
| 541 |
|
|
|a Complimentary copy from BIED
|e 35792
|
| 600 |
|
|
|a Tagore, Rabindranath,
|d 1861-1941
|x Correspondence.
|9 42241
|
| 600 |
|
|
|a Bose, Jagadis Chandra,
|d 1858-1937
|x Correspondence.
|9 42242
|
| 600 |
|
|
|a Bose, Jagadis Chandra,
|d 1858-1937.
|9 42243
|
| 700 |
|
|
|a হারুন-অর-রশীদ, এ. এম.
|9 42244
|
| 852 |
|
|
|a Ayesha Abed Library
|c BIED Collection
|
| 942 |
|
|
|2 ddc
|c BK
|
| 999 |
|
|
|c 43279
|d 43279
|
| 952 |
|
|
|0 0
|1 0
|2 ddc
|4 0
|6 891_441400000000000_RAB
|7 0
|9 69430
|a BRACUL
|b BRACUL
|c GEN
|d 2021-10-27
|e Complimentary copy from BIED
|l 1
|m 28
|o 891.4414 RAB
|p 3010035792
|r 2024-10-23
|s 2024-02-29
|t 1
|w 2021-10-27
|y BK
|x Transferred from BIED to General Stacks
|